Ministrowie Sportu i Turystyki III RP - Statystyki

Ogólne statystyki
  • Ten quiz został rozwiązany 13 razy
  • Średni wynik to 7 z 18
Statystyki odpowiedzi
Imię i Nazwisko Partia Czas Urzędowania Rząd Dodatkowe info % Poprawnych
Piotr Gliński PiS 2020 - 2021 Drugi rząd Mateusza Morawieckiego Minister kultury, dziedzictwa narodowego i sportu
67%
Sławomir Nitras PO 2023 - 2025 Trzeci Rząd Tuska Minister sportu i turystyk
67%
Joanna Mucha PO 2011 - 2013 Drugi rząd Donalda Tuska Minister sportu i turystyki
58%
Kamil Bortniczuk Republikanie 2021 - 2023 Drugi rząd Mateusza Morawieckiego Minister sportu i turystyki
58%
Mateusz Morawiecki PiS 2019 - 2019 Drugi rząd Mateusza Morawieckiego Minister sportu
50%
Tomasz Lipiec bezpartyjny z rekomendacji PiS 2005 - 2007 Rząd Marcinkiewicza / Kaczyńskiego Jako Minister sportu
50%
Witold Bańka PiS 2015 - 2019 Rząd Szydło / Pierwszy Morawieckiego Minister sportu i turystyki
50%
Jakub Rutnicki PO 2025 - nadal Trzeci Rząd Tuska Minister sportu i turystyk
42%
Danuta Dmowska-Andrzejuk bezpartyjna 2019 - 2020 Drugi rząd Mateusza Morawieckiego Minister sportu
33%
Danuta Dmowska-Andrzejuk PiS 2023 - 2023 Trzeci Rząd Morawieckiego Minister sportu i turystyk
33%
Marek Belka SLD 2005 - 2005 Drugi Rząd Belki Jako Minister sportu
33%
Mirosław Drzewiecki PO 2007 - 2009 Pierwszy Rząd Tuska Jako Minister sportu i turystyki
33%
Adam Korol bezpartyjny z rekomendacji PO 2015 - 2015 Rząd Kopacz Minister sportu i turystyki
25%
Krystyna Łybacka SLD 2001 - 2004 Rząd Millera Jako Minister edukacji narodowej i sportu
25%
Elżbieta Jakubiak PiS 2007 - 2007 Rząd Kaczyńskiego Jako Minister sportu i turystyki
17%
Mirosław Sawicki bezpartyjny 2004 - 2005 Pierwszy i Drugi Rząd Belki Jako Minister edukacji narodowej i sportu
17%
Adam Giersz bezpartyjny 2009 - 2011 Pierwszy rząd Donalda Tuska Minister sportu i turystyki
8%
Andrzej Biernat PO 2013 - 2015 Drugi Rząd Tuska / Rząd Kopacz Minister sportu i turystyki
8%
Nie znaleziono quizów pasujących do podanych kryteriów
Rozkład punktacji
Procent ludzi z każdym wynikiem
Percentyl według liczby udzielonych odpowiedzi
Twoja historia wyników
Nie rozwiązałeś tego quizu